Ley Federal de Derechos 1984 /

Bewaard in:
Bibliografische gegevens
Coauteur: México
Formaat: Boek
Taal:Spaans
Gepubliceerd in: México : Secretaría de Hacienda y Crédito Público, 1984
Tags: Voeg label toe
Geen labels, Wees de eerste die dit record labelt!

MARC

LEADER 00000nam^a2200000^a^4500
001 000432188
005 20250526000000.0
009 20260310123008.31
020 |a 968-806-052-6 
037 |a Acervo ITESO - Biblioteca 
041 |a ESP 
091 |a FHM. 05905 
110 |a México 
245 1 0 |a Ley Federal de Derechos 1984 / 
264 1 |a México :  |b Secretaría de Hacienda y Crédito Público,  |c 1984 
300 |a 428 p. ;  |c 21.5 cm. 
336 |a texto  |b txt  |2 rdacontenido 
337 |a sin mediación  |b n  |2 rdamedio 
338 |a volumen  |b nc  |2 rdasoporte 
649 |a XX 
910 |a Fondo Hugo B. Margáin 
920 |a Impresos - Libros 
930 |a Libros Antiguos y Raros 
905 |a 126 
901 |a 0500301456  |b IT2  |c LRA  |i D116298  |u 20250526 
902 |a https://opac.biblio.iteso.mx/vufind/Record/000432188